00813nam a22002057a 450000500170000000800410001702000180005804000270007604100080010304400070011108200170011824500710013526001140020630000920032065000400041265000420045265000290049471000550052371000290057820160919094632.0160919s2009 ko abo||r|||| 00| 0 eng d a9788991458505 aCO-BoIAVH cCO-BoIAVH 0 aeng ako04a580.73bK84b00aKorean botanical gardens and arboreta / cKorea National Arboretum aSeúl, Corea Sur : bKorea National Arboretum : bKorean Association of Botanical Gardens & Arboreta,c2009. a200 páginas : bilustraciones a color , mapas y fotografías a color ; c19 x 13 cm.26aJardines botánicoszCorea del Sur26aColección de plantaszCorea del Sur26aArboretoszCorea del Sur2 aKorean Association of Botanical Gardens & Arboreta2 aKorea National Arboretum